000
00210nam a22000857a 4500
008
161213b xxu||||| |||| 00| 0 eng d
100
_9
2020
_a
NCERT
245
_a
Marrigold English-IV
260
_a
New Delhi
_b
NCERT
_c
2007
999
_c
4893
_d
4893